Quizzes
Events
Quiz Creation
Community
Videos
Private Events
Remove Ads
Sign In
Join for FREE
Feedback
Dark Mode
Quiz Categories
Sports
Geography
Music
Movies
Television
Just For Fun
Miscellaneous
History
Literature
Language
Science
Gaming
Entertainment
Religion
Holiday
For Kids
Quiz Lab
Recent
Popular Today
Quiz Kudos Today
Editor Picks
Curator Picks
Quizzes by...
Day
Popularity
Type
Ratings
Length
Year
Community
Subscriptions
Recent Discussions
Orange Saloon
Badges
Playlists
Quests
Create
Leaderboards
Showdown
Live 5
Trivia Bingo
Activity
Puzzle Library
Sporcle Events
Private Events
Virtual Trivia
Globe League
Become a Host
Pub Owners
SporcleCon
Opinionation
Our Games
Videos
Blog
Mobile Apps
Partnerships
Remove Ads and Go Orange
Feedback
Sports
Athletes
MLB
NBA
NHL
NFL
Soccer
Sports Teams
WWE
NCAA
Football
Premier League
Basketball
Baseball
Hockey
Golf
Tennis
Cricket
Rugby
Auto Racing
Olympics
World Cup
Sports
Athletes
MLB
NBA
NHL
NFL
Soccer
Sports Teams
WWE
NCAA
Football
Premier League
Basketball
Baseball
Hockey
Golf
Tennis
Cricket
Rugby
Auto Racing
Olympics
World Cup
Random Quiz
Search Sporcle
×
Quiz Lab
Quiz Lab
Sports
Arsenal
Type in answers that appear in a list
Type in answers that appear in a list
Classic
Best Score? Go Orange.
Arsenal 2012-2013 Squad Stats
Can you name the Arsenal 2012-2013 Squad?
By
Quiz_Master1
10m
32 Questions
38 Plays
38 Plays
38 Plays
Comments
Comments
Give Quiz Kudos
Give Quiz Kudos
-
- Ratings
hide this ad
Replay
Link that replays current quiz
Next Quiz
Link to next quiz in quiz playlist
You Got
0%
They Got
Avg Score
65%
Avg Friend Score
Upgrade to see
Score Distribution
Jump to the score distribution portion of the page
Score
0/32
Timer
10:00
0
Plays Today
Number
Player Name
% Correct
4
Per Mertesacker
86.8%
14
Theo Walcott
86.8%
19
Santi Cazorla
84.2%
3
Bacary Sagna
81.6%
8
Mikel Arteta
81.6%
9
Lukas Podolski
81.6%
16
Aaron Ramsey
81.6%
5
Thomas Vermaelen
78.9%
2
Abou Diaby
76.3%
7
Tomas Rosicky
76.3%
11
Andre Santos
76.3%
12
Olivier Giroud
76.3%
6
Laurent Koscielny
73.7%
10
Jack Wilshere
73.7%
15
Alex Oxlade-Chamberlain
73.7%
27
Gervinho
68.4%
Number
Player Name
% Correct
1
Wojciech Szczesny
65.8%
20
Johan Djourou
65.8%
25
Carl Jenkinson
65.8%
21
Lukasz Fabianski
63.2%
24
Vito Mannone
60.5%
55 (Loan out -
Juventus)
Nicklas Bendtner
60.5%
23
Andrei Arshavin
57.9%
26
Emmanuel Frimpong
55.3%
28
Kieran Gibbs
55.3%
29
Marouane Chamakh
55.3%
22
Francis Coquelin
52.6%
18
Sebastien Squillaci
50%
31 (Loan out -
Wigan Athletic)
Ryo Miyaichi
50%
30 (Loan out -
Celta Vigo)
Park Chu-Young
47.4%
50 (Loan out -
Coventry City)
Conor Henderson
21.1%
62 (Loan out -
Colchester United)
Sanchez Watt
18.4%
Quiz Playlist
Details
Report
Send in Message
Add To Playlist
Classic:
Type in answers that appear in a list
Last Updated: Feb 16, 2017
Quiz Scoreboard
CHALLENGE
Sign Up to Join the Scoreboard
Show All
Scores
Hide
Comments
May contain spoilers
Recently Published
College Basketball Coaching Resumes
by pancakes188
Sports
9m
Billboard Blitz: Fleetwood Mac
by CooCooCachoo
Music
15s
Presidents Visiting Landmarks
by Hejman
History
7m
More to Explore
Quiz From the Vault
Featured Blog Post
Where Did the Easter Bunny Come From?
hide this ad
You Might Also Like...
Tags
Arsenal
Today's Top Quizzes in Sports
Browse Sports
hide this ad
Today's Top Quizzes in Arsenal
Browse Arsenal
Top Contributed Quizzes in Sports
1
2022 World Cup Stars
2
Les meilleurs buteurs des matchs entre le PSG et l’OM
3
FIFA Club World Cup Champions
4
Les entraîneurs de l'OM et du PSG au 21e siècle
5
Criteria MLB: Left Handed Sluggers
6
AFC Teams Reveal (Wrong Answers Minefield)
7
2023 MLB Unique Player Accomplishments
8
Players with Multiple 50 Home Run Seasons
9
5-to-1: FBS Animal Nicknames
10
5-to-1: UK Sports Teams
Explore More
Trending Topics
NBA
Anime
Harry Potter
Disney
Marvel
Crossword
Kpop
The Office
Song
WWE
Pokémon
Soccer
Puzzle
NFL
Country
hide this ad
More By:
Quiz_Master1
Quiz
Plays
Rating
Category
Featured
Created
Chelsea 2012-2013 Squad
99
5.00
Sports
Oct 5, 2012
Aston Villa 2012-2013 Squad
72
5.00
Sports
Oct 5, 2012
Everton 2012-2013 Squad
53
5.00
Sports
Oct 5, 2012
Arsenal 2012-2013 Squad
38
5.00
Sports
Oct 5, 2012
Go to Creator's Profile
Score Distribution
Quiz Creator Spotlight
Quiz_Master1
Follow
Send a Message
Quizzes Created
-
Created Quiz Play Count
-
More By This Creator
Popular Quizzes Today
1
Find the US States - No Outlines Minefield
2
Find the Countries of Europe - No Outlines Minefield
3
The Countries of the World
4
Find the US States
5
Risky Map Clicking: Biggest States A-Z
6
US States
7
Popular People in 1961
8
Movies - When Are They Set?
More Sports Quizzes
NBA Players Venn Diagram
Published
Trending Quizzes
Risky Map Clicking: Least Populous States A-Z
1-10 Letter G Words
1-10 Letter F Words
Risky Map Clicking: Next State Alphabetically
Risky Map Clicking: Biggest States A-Z
Recently Updated
Leaping Animals
pecheneg
Reality TV Shows (A-Z)
bhenderson79
Rickey Henderson's Hall of Fame Teammates
pecheneg
Champions League XIs: Arsenal
pecheneg
Quick Pick: Celebrities in WWE's Hall of Fame
aduchscher
A-Z Keypad Blitz II
pecheneg
Multiple Oscar Actors
pecheneg
Mystery Phrase Blitz: Oscar 'Best Actors'
pecheneg
F. Scott Fitzgerald Novels
LTH
Pick 3 Villains
ddd62291
Trending Topics
Disney
Marvel
Crossword
Harry Potter
Anime
NBA
Kpop
Pokémon
Soccer
Puzzle
WWE
The Office
Song
Country
NFL
Your Account Isn't Verified!
In order to create a playlist on Sporcle, you need to verify the email address you used during registration. Go to your
Sporcle Settings
to finish the process.
Report this User
Report this user for behavior that violates our
Community Guidelines
.
Details:
Send Report
Go to the Sporcle.com Mobile Site →
Comments